| 000 | 01132cam a22001934a 4500 | ||
|---|---|---|---|
| 005 | 20250605164358.0 | ||
| 008 | 250528s ||||||||||||||||||||||||d | ||
| 035 | _a24467 | ||
| 040 |
_aGR-AtMCL _bgre _dGR-AtMCL _eAACR2 |
||
| 245 | 1 | _aΣτρατηγική Πρόκληση το 'Χτίσιμο' Αξιοπιστίας και Εμπιστοσύνης / Πάροχοι Ηλεκτρικής Ενέργειας | |
| 260 | _c2016 | ||
| 300 | _a34 | ||
| 520 | _aΗ Φορολογική Επιβάρυνση στη Διαφήμιση, Το Marketing Μπορεί να Χτίσει την Εμπορικότητα, Σε Ρυθμούς 'Αναζήτησης' η Αγορά το 2015, Γνωρίστε Καλά το Κοινό σας και Δώστε του Λόγο να Μιλά για το Brand σας, 'Χαμηλές Πτήσεις' εν Αναμονή των Αδειών, Σταθεροποιητικές Τάσεις με το Espresso 'να Κινεί τα Νήματα'. | ||
| 700 | 1 |
_aΚορδελάς Δημήτρης _99464 |
|
| 942 | _cCR | ||
| 710 | 2 |
_aThe Marketing Week _99825 |
|
| 999 |
_c9346 _d9346 |
||